[Event "XIV Open"]
[Site "Crema ITA"]
[Date "2012.08.31"]
[Round "1"]
[White "Tagliaferri, Valerio"]
[Black "Spornberger, Maximilian"]
[Result "0-1"]
[WhiteElo "1807"]
[BlackElo "2225"]
[PlyCount "132"]
[EventDate "2012.08.31"]

1. g3 g6 2. Bg2 Bg7 3. d4 d6 4. e4 Nf6 5. Bg5 h6 6. Be3 O-O 7. Ne2 e5 8. dxe5
dxe5 9. Qxd8 Rxd8 10. h3 b6 11. Nd2 Ba6 12. c4 Nc6 13. O-O-O Rd3 14. Nc3 Rd7
15. Nd5 Kh7 16. h4 Nxd5 17. exd5 Nd4 18. b3 Re8 19. Nf3 Nxf3 20. Bxf3 f5 21.
Rhe1 b5 22. c5 e4 23. c6 Rdd8 24. Be2 Bc3 25. Bd2 Bd4 26. Be3 Bxe3+ 27. fxe3
Re5 28. a4 Rexd5 29. axb5 Bc8 30. Bc4 Rxd1+ 31. Rxd1 Rxd1+ 32. Kxd1 Kg7 33. Kd2
Kf6 34. Kc3 Ke5 35. Bf7 g5 36. hxg5 hxg5 37. Bh5 f4 38. exf4+ gxf4 39. gxf4+
Kxf4 40. Kd4 Bh3 41. Bg6 e3 42. Bh5 Bf1 43. Kc5 e2 44. Bxe2 Bxe2 45. Kb4 Ke5
46. Ka5 Kd6 47. b4 Ke7 48. Ka6 Kd8 49. Ka5 Kc8 50. Ka6 Kb8 51. Ka5 Bg4 52. Ka6
Bc8+ 53. Ka5 Ka8 54. Ka4 a6 55. Ka5 axb5 56. Kxb5 Ka7 57. Kc5 Bf5 58. Kb5 Bd3+
59. Kc5 Ka6 60. Kd4 Bf1 61. Kc5 Be2 62. Kd5 Kb6 63. Ke6 Kxc6 64. Ke7 Kb5 65.
Kd7 c6 66. Kc7 Bf3 0-1

[Event "XIV Open"]
[Site "Crema ITA"]
[Date "2012.08.31"]
[Round "1"]
[White "Tahiraj, Almir"]
[Black "Rambaldi, Francesco"]
[Result "0-1"]
[WhiteElo "1820"]
[BlackElo "2272"]
[PlyCount "92"]
[EventDate "2012.08.31"]

1. d4 Nf6 2. Nf3 g6 3. Bf4 Bg7 4. e3 O-O 5. Be2 d6 6. O-O Nbd7 7. c3 b6 8. h3
Bb7 9. Nbd2 c5 10. Qa4 a6 11. Qb3 Qc7 12. Rfe1 b5 13. a4 c4 14. Qc2 e5 15. dxe5
dxe5 16. Bg3 Nd5 17. Red1 Nc5 18. axb5 axb5 19. Rdb1 f6 20. h4 Rxa1 21. Rxa1
Nb6 22. h5 g5 23. Nd4 Qd7 24. Nf5 Rd8 25. Rd1 Nd3 26. Nxg7 Kxg7 27. Bf3 Bxf3
28. Nxf3 Na4 29. b3 Nac5 30. bxc4 bxc4 31. Qa2 Qa4 32. Ra1 Qxa2 33. Rxa2 Ne4
34. Ra7+ Kh6 35. Rc7 Nxc3 36. Rxc4 Ne2+ 37. Kh2 Kxh5 38. Rc6 Nxg3 39. Kxg3 Kg6
40. Ng1 h5 41. f3 h4+ 42. Kh2 Nb4 43. Rc4 Nd5 44. Re4 Nc3 45. Rc4 Nd1 46. e4
Rd2 0-1

[Event "XIV Open"]
[Site "Crema ITA"]
[Date "2012.08.31"]
[Round "1"]
[White "Tirelli, Mauro"]
[Black "Biava, Pierluigi"]
[Result "1-0"]
[WhiteElo "1990"]
[BlackElo "1655"]
[PlyCount "97"]
[EventDate "2012.08.31"]

1. d4 Nf6 2. Bg5 Ne4 3. Bf4 d5 4. f3 g5 5. Bc1 Nd6 6. Bxg5 h6 7. Bf4 e6 8. e3
Nd7 9. Bd3 c5 10. c3 cxd4 11. exd4 Qh4+ 12. Bg3 Qe7 13. Ne2 h5 14. O-O h4 15.
Bf4 Bh6 16. Re1 Nb6 17. Bxh6 Rxh6 18. Qd2 Qf6 19. Nf4 Bd7 20. Na3 O-O-O 21. Re5
Rdh8 22. b3 Kb8 23. c4 dxc4 24. bxc4 Bc6 25. c5 Nd7 26. Qe3 Nf5 27. Rxf5 exf5
28. Rb1 Qg5 29. Nc4 Re6 30. Nxe6 Qxe3+ 31. Nxe3 fxe6 32. Bc4 Nf6 33. Bxe6 Re8
34. d5 Bxd5 35. Bxd5 Rxe3 36. Bxb7 Kc7 37. c6 Ra3 38. Rb2 Nd5 39. Kf2 Nf4 40.
Rd2 Nd3+ 41. Ke2 Nc1+ 42. Kd1 Nxa2 43. Ba8 Nc3+ 44. Kc2 Nb5 45. Rd7+ Kb6 46.
Rb7+ Ka6 47. Rxb5 Kxb5 48. c7 Ra2+ 49. Kb1 1-0

[Event "XIV Open"]
[Site "Crema ITA"]
[Date "2012.08.31"]
[Round "1"]
[White "Torricelli, Lorenzo"]
[Black "Agnelli, Francesco"]
[Result "0-1"]
[WhiteElo "1682"]
[BlackElo "2034"]
[PlyCount "68"]
[EventDate "2012.08.31"]

1. e4 c5 2. Nf3 Nc6 3. Bb5 e6 4. O-O Nge7 5. c3 a6 6. Ba4 b5 7. Bc2 Bb7 8. d4
cxd4 9. cxd4 Nb4 10. Nc3 Nxc2 11. Qxc2 Rc8 12. Qe2 b4 13. Na4 Ng6 14. d5 Be7
15. dxe6 fxe6 16. Be3 O-O 17. Nb6 Rb8 18. Rfd1 Bc6 19. Nc4 Bxe4 20. Nfe5 Bd5
21. Nxg6 hxg6 22. Ne5 Qe8 23. Qg4 Rf6 24. Bg5 Rf5 25. Bxe7 Rxe5 26. Bd6 Re4 27.
Qg5 Rc8 28. Bxb4 Rxb4 29. Re1 Qf7 30. Qd2 Qf4 31. Qd3 Rxb2 32. Qxg6 Qxf2+ 33.
Kh1 Bxg2+ 34. Qxg2 Qxg2# 0-1

[Event "XIV Open"]
[Site "Crema ITA"]
[Date "2012.08.31"]
[Round "1"]
[White "Ventura, Franco"]
[Black "Ferrari, Paolo"]
[Result "1-0"]
[WhiteElo "2091"]
[BlackElo "1713"]
[PlyCount "87"]
[EventDate "2012.08.31"]

1. c4 c5 2. Nc3 g6 3. g3 Bg7 4. Bg2 Nf6 5. Nf3 Nc6 6. d3 d6 7. a3 Bd7 8. Rb1 a5
9. Bd2 Qc8 10. h4 h5 11. Ng5 Nd4 12. e3 Ne6 13. Nxe6 Bxe6 14. b4 axb4 15. axb4
Rb8 16. bxc5 dxc5 17. Qa4+ Bd7 18. Qa7 O-O 19. O-O Bc6 20. Qxc5 Bxg2 21. Qxc8
Rfxc8 22. Kxg2 e5 23. Kf3 Rd8 24. Ke2 Kf8 25. Rb5 Ne8 26. Nd5 Nd6 27. Bb4 Ke8
28. Bxd6 Rxd6 29. Rfb1 Rd7 30. Nb4 Rbd8 31. Rd5 Rxd5 32. Nxd5 Rb8 33. e4 Bf8
34. f4 exf4 35. gxf4 Be7 36. Nxe7 Kxe7 37. Rb6 f6 38. Ke3 Kf7 39. c5 Ke7 40. c6
Kd8 41. cxb7 Ke7 42. d4 g5 43. fxg5 fxg5 44. hxg5 1-0

[Event "XIV Open"]
[Site "Crema ITA"]
[Date "2012.08.31"]
[Round "1"]
[White "Vuckovic, Dimitrije"]
[Black "Swannie, Douglas"]
[Result "0-1"]
[WhiteElo "1518"]
[BlackElo "1922"]
[PlyCount "82"]
[EventDate "2012.08.31"]

1. Nf3 d5 2. c4 Nf6 3. Nc3 d4 4. Na4 Nc6 5. b3 e5 6. e3 Bg4 7. h3 Bh5 8. g4 Bg6
9. exd4 Nxd4 10. d3 Bb4+ 11. Bd2 Nxf3+ 12. Qxf3 Bxd2+ 13. Kxd2 Be4 14. Qe3 Bxh1
15. Qxe5+ Qe7 16. Re1 Qxe5 17. Rxe5+ Kd8 18. g5 Nd7 19. Rf5 Bc6 20. Rxf7 Ke8
21. Rf4 Rf8 22. Rxf8+ Kxf8 23. Nc3 Ne5 24. Be2 Nf3+ 25. Bxf3 Bxf3 26. Ke3 Bh5
27. f4 Re8+ 28. Ne4 Bg6 29. a4 Bxe4 30. dxe4 Rd8 31. h4 Rd1 32. Kf3 Rd3+ 33.
Kg4 Rxb3 34. h5 Rb4 35. Kf5 Rxc4 36. a5 b5 37. axb6 cxb6 38. e5 b5 39. e6 b4
40. Ke5 b3 41. Kd5 Rxf4 0-1

[Event "XIV Open"]
[Site "Crema ITA"]
[Date "2012.08.31"]
[Round "2"]
[White "Agnelli, Francesco"]
[Black "Mansueti, Marco"]
[Result "1-0"]
[WhiteElo "2034"]
[BlackElo "1839"]
[PlyCount "97"]
[EventDate "2012.08.31"]

1. e4 e5 2. Nf3 Nc6 3. Bb5 Nf6 4. d3 d6 5. c3 a6 6. Ba4 b5 7. Bb3 Be7 8. Nbd2
O-O 9. Nf1 d5 10. Qe2 dxe4 11. dxe4 Bc5 12. Ng3 Qe8 13. Bg5 Be6 14. Bxf6 gxf6
15. Nh4 Kh8 16. Qf3 Be7 17. Nhf5 Rg8 18. Bd5 Bf8 19. Nh5 Rg6 20. Nh4 Bxd5 21.
Nxg6+ fxg6 22. Qxf6+ Kg8 23. exd5 Ne7 24. Qe6+ Qf7 25. Nf6+ Kg7 26. Qxf7+ Kxf7
27. Ng4 Nxd5 28. Nxe5+ Ke6 29. Nf3 Bd6 30. O-O Rf8 31. Rfe1+ Kf6 32. Rad1 Nf4
33. g3 Nh5 34. Nd4 Ng7 35. Kg2 Rf7 36. f4 Rd7 37. Nf3 h6 38. Ne5 Rd8 39. Ng4+
Kf7 40. Nxh6+ Kf6 41. Ng4+ Kf7 42. Kf3 Nf5 43. Ne5+ Kf6 44. g4 Ne7 45. h4 Rh8
46. Kg3 Rd8 47. Nf3 Rf8 48. Ng5 Re8 49. Ne4+ 1-0

[Event "XIV Open"]
[Site "Crema ITA"]
[Date "2012.08.31"]
[Round "2"]
[White "Barucco, Mattia"]
[Black "Peschechera, Francesco"]
[Result "1-0"]
[WhiteElo "2000"]
[BlackElo "1837"]
[PlyCount "73"]
[EventDate "2012.08.31"]

1. e4 e5 2. Nf3 Nc6 3. Bb5 a6 4. Ba4 Nf6 5. O-O d6 6. c3 b5 7. Bc2 Bg4 8. h3
Bh5 9. d3 Be7 10. Re1 h6 11. Nbd2 g5 12. Nf1 g4 13. hxg4 Bxg4 14. Ne3 Qd7 15.
Nxg4 Qxg4 16. Nh2 Qg6 17. Qf3 Rg8 18. Nf1 Nd8 19. Ng3 Ne6 20. a4 c6 21. d4 Rc8
22. axb5 axb5 23. Be3 Ng4 24. Ra7 Nxe3 25. Qxe3 Bg5 26. Qf3 Nf4 27. Bb3 Be7 28.
dxe5 dxe5 29. Rd1 Rd8 30. Rxd8+ Kxd8 31. Qd1+ Nd5 32. exd5 Bd6 33. dxc6 Rg7 34.
Rd7+ Kc8 35. Qxd6 Qxd6 36. Rxd6 Kc7 37. Rf6 1-0

[Event "XIV Open"]
[Site "Crema ITA"]
[Date "2012.08.31"]
[Round "2"]
[White "Biava, Pierluigi"]
[Black "Regorda, Vittorio"]
[Result "1/2-1/2"]
[WhiteElo "1655"]
[BlackElo "1828"]
[PlyCount "120"]
[EventDate "2012.08.31"]

1. Nf3 d5 2. d4 Nf6 3. Bg5 Nbd7 4. e3 c5 5. c3 Qc7 6. Nbd2 g6 7. Be2 Bg7 8. Qc2
O-O 9. Bf4 Qb6 10. h3 Re8 11. O-O Nf8 12. dxc5 Qxc5 13. Nb3 Qb6 14. Nbd4 a6 15.
a4 N6d7 16. a5 Qd8 17. Nb3 e5 18. Bg5 Nf6 19. Rfd1 Bf5 20. Qd2 N8d7 21. g4 Be4
22. Ne1 d4 23. exd4 h6 24. Be3 g5 25. dxe5 Rxe5 26. Nd3 Rd5 27. f3 Bg6 28. Ra4
Ne8 29. c4 Rd6 30. c5 Rd5 31. Bd4 Qc7 32. Qc3 Qg3+ 33. Kf1 Qxh3+ 34. Ke1 Bxd3
35. Rxd3 Qg3+ 36. Kd2 Ne5 37. Re3 Nc6 38. Kc2 Nxd4+ 39. Nxd4 Qf2 40. Kb3 Rad8
41. c6 Bxd4 42. Rxd4 bxc6 43. Rde4 Ng7 44. Qxc6 Qe1 45. Bc4 Qd1+ 46. Ka2 Rxa5+
47. Ra3 Rxa3+ 48. Kxa3 Qxf3+ 49. b3 Qf2 50. Qxh6 Qc5+ 51. Ka4 Rd6 52. Qh1 a5
53. Qe1 Kf8 54. Re5 Qc6+ 55. Rb5 Ne6 56. Kxa5 Qa6+ 57. Kb4 Rb6 58. Qe5 Rxb5+
59. Qxb5 Qd6+ 60. Ka5 Qa3+ 1/2-1/2

[Event "XIV Open"]
[Site "Crema ITA"]
[Date "2012.08.31"]
[Round "2"]
[White "Blengino, Cristiano"]
[Black "Adami, Antonio"]
[Result "1-0"]
[WhiteElo "1901"]
[BlackElo "1708"]
[PlyCount "87"]
[EventDate "2012.08.31"]

1. d4 f5 2. e4 fxe4 3. Nc3 Nf6 4. Bg5 Nc6 5. d5 Ne5 6. Qd4 Nf7 7. Bxf6 exf6 8.
Nxe4 f5 9. Ng3 g6 10. O-O-O Bh6+ 11. f4 O-O 12. Nf3 Bg7 13. Qd2 b5 14. h4 h5
15. c3 a6 16. Be2 Qf6 17. Ng5 c5 18. dxc6 dxc6 19. Bf3 a5 20. Ne2 a4 21. a3 Ra7
22. Qd4 Qe7 23. Qb6 Ra6 24. Qf2 Nxg5 25. hxg5 c5 26. Rhe1 Qc7 27. Kb1 b4 28.
cxb4 cxb4 29. Rc1 Qf7 30. Qc5 bxa3 31. Qxa3 Be6 32. Nc3 Kh8 33. Red1 Rb8 34.
Qc5 a3 35. b4 Kh7 36. b5 Bf8 37. Qd4 Bg7 38. Qe3 Bxc3 39. Qxc3 Rxb5+ 40. Ka1
Rbb6 41. Rd8 Qg7 42. Qxg7+ Kxg7 43. Rc7+ Bf7 44. Bd5 1-0

[Event "XIV Open"]
[Site "Crema ITA"]
[Date "2012.08.31"]
[Round "2"]
[White "Bonade', Massimo"]
[Black "Barolo, Andrea"]
[Result "0-1"]
[WhiteElo "2081"]
[BlackElo "1940"]
[PlyCount "54"]
[EventDate "2012.08.31"]

1. d4 Nf6 2. c4 g6 3. Nc3 d5 4. Bf4 Bg7 5. e3 c5 6. dxc5 Qa5 7. Rc1 dxc4 8.
Bxc4 O-O 9. Nf3 Qxc5 10. Bb3 Nc6 11. O-O Qa5 12. h3 e5 13. Bh2 Bf5 14. Qe2 Ne4
15. Nd5 Be6 16. Rxc6 bxc6 17. Ne7+ Kh8 18. Nxc6 Qb6 19. Bxe6 Qxc6 20. Bb3 f6
21. Qd3 Rfd8 22. Qb1 Rac8 23. Qe1 Qc5 24. Qe2 a5 25. g4 Qb4 26. Qa6 Nc5 27. Qa7
Rd7 0-1

[Event "XIV Open"]
[Site "Crema ITA"]
[Date "2012.08.31"]
[Round "2"]
[White "Bonazzi, Edoardo"]
[Black "D'Amato, Piergiorgio"]
[Result "1/2-1/2"]
[WhiteElo "2101"]
[BlackElo "1885"]
[PlyCount "75"]
[EventDate "2012.08.31"]

1. c4 Nf6 2. g3 g6 3. Bg2 Bg7 4. Nc3 c6 5. Nf3 O-O 6. O-O d6 7. d3 Nbd7 8. Qc2
e5 9. Rb1 Nc5 10. b4 Ne6 11. e3 Bd7 12. Bb2 Ne8 13. Nd2 f5 14. f4 g5 15. Ne2
gxf4 16. exf4 Nf6 17. h3 exf4 18. Nxf4 Nxf4 19. gxf4 Nh5 20. Bxg7 Kxg7 21. Qc3+
Qf6 22. Qxf6+ Kxf6 23. Rf3 Rae8 24. Kf2 Ng7 25. Nb3 Re7 26. Re1 Rxe1 27. Kxe1
Be8 28. Rf2 Bh5 29. Na5 Re8+ 30. Kd2 Re7 31. Bf3 Bxf3 32. Rxf3 Ne6 33. Rf2 Nd4
34. Nb3 Nxb3+ 35. axb3 Rg7 36. Ke2 Rg3 37. Rf3 Rg2+ 38. Rf2 1/2-1/2

[Event "XIV Open"]
[Site "Crema ITA"]
[Date "2012.08.31"]
[Round "2"]
[White "Borboni, Paolo"]
[Black "Vuckovic, Dimitrije"]
[Result "0-1"]
[WhiteElo "1750"]
[BlackElo "1518"]
[PlyCount "72"]
[EventDate "2012.08.31"]

1. d4 Nf6 2. c4 g6 3. Nc3 Bg7 4. e4 d6 5. f3 O-O 6. Be3 Nc6 7. Qd2 e5 8. d5 Ne7
9. g4 Nd7 10. b4 b6 11. Nge2 Bb7 12. h4 a5 13. b5 Nc5 14. Ng3 Bc8 15. Bh6 f5
16. Bxg7 Kxg7 17. gxf5 gxf5 18. Nh5+ Kh8 19. Qh6 Rf7 20. Rg1 Ng8 21. Qg5 Qxg5
22. Rxg5 fxe4 23. fxe4 Nf6 24. Nxf6 Rxf6 25. Ke2 Rf4 26. Ke3 Rxh4 27. Rg1 Bd7
28. Be2 Rg8 29. Rgf1 Rg3+ 30. Kd2 Rg8 31. Rf7 Rf4 32. Rxf4 exf4 33. Bf3 Bg4 34.
Ke2 Nd7 35. Rc1 Ne5 36. Nb1 Bxf3+ 0-1

[Event "XIV Open"]
[Site "Crema ITA"]
[Date "2012.08.31"]
[Round "2"]
[White "Colonetti, Fabio"]
[Black "Manzotti, Francesco"]
[Result "0-1"]
[WhiteElo "1443"]
[BlackElo "1700"]
[PlyCount "92"]
[EventDate "2012.08.31"]

1. d4 Nf6 2. c4 g6 3. Nc3 d5 4. cxd5 Nxd5 5. e4 Nxc3 6. bxc3 Bg7 7. Nf3 O-O 8.
Bc4 c5 9. O-O Bg4 10. Bd5 Qc7 11. Bb2 Na6 12. h3 Bxf3 13. Qxf3 e6 14. Bb3 Rad8
15. Rad1 Qb6 16. dxc5 Nxc5 17. Ba3 Rc8 18. Rb1 Qc6 19. Bc2 b6 20. Rfd1 Rfd8 21.
Bb2 Na4 22. Rxd8+ Rxd8 23. Bxa4 Qxa4 24. a3 Qc2 25. Re1 Qxb2 26. c4 Qc3 27.
Qxc3 Bxc3 28. Rc1 Bb2 29. Rb1 Bxa3 30. Ra1 Rd3 31. Kf1 a5 32. Ke2 Rc3 33. Kd2
Bb4 34. Ke2 Rxc4 35. Kd3 b5 36. f4 Rc3+ 37. Ke2 h5 38. h4 a4 39. Kf2 a3 40. Ra2
Bc5+ 41. Ke2 b4 42. e5 b3 43. Ra1 b2 44. Rb1 Rc1 45. Rxc1 bxc1=Q 46. g3 Qe3+
0-1

[Event "XIV Open"]
[Site "Crema ITA"]
[Date "2012.08.31"]
[Round "2"]
[White "Carrai, Giacomo"]
[Black "Cappa, Enrico"]
[Result "1-0"]
[WhiteElo "1827"]
[BlackElo "1641"]
[PlyCount "79"]
[EventDate "2012.08.31"]

1. d4 Nf6 2. c4 e6 3. Nf3 b6 4. a3 Bb7 5. Nc3 Be7 6. Qc2 O-O 7. e4 d5 8. Bd3
dxe4 9. Nxe4 Nxe4 10. Bxe4 Bxe4 11. Qxe4 Nd7 12. O-O Nf6 13. Qe2 Re8 14. Rd1 c6
15. Bg5 Qc7 16. h3 Rad8 17. Ne5 Nd7 18. Bxe7 Rxe7 19. Nf3 Nf6 20. Qe3 Red7 21.
Rd2 b5 22. b3 a5 23. a4 b4 24. Rad1 Qa7 25. Ne5 Rc7 26. Qf3 Qb7 27. Nd3 Nd7 28.
Nc5 Nxc5 29. dxc5 Rxd2 30. Rxd2 Rd7 31. Rd6 Rxd6 32. cxd6 Qd7 33. c5 Kh8 34.
Qe4 Kg8 35. g3 Kh8 36. Kg2 Kg8 37. Qc4 Qc8 38. Qd3 g6 39. d7 Qd8 40. Qd6 1-0

[Event "XIV Open"]
[Site "Crema ITA"]
[Date "2012.08.31"]
[Round "2"]
[White "Castrogiovanni, Carlo"]
[Black "Khaetsky, Roman"]
[Result "0-1"]
[WhiteElo "1984"]
[BlackElo "2399"]
[PlyCount "60"]
[EventDate "2012.08.31"]

1. d4 f5 2. Nc3 d5 3. f4 Nf6 4. Nf3 e6 5. e3 c5 6. Ne5 Nc6 7. Be2 Qb6 8. Bb5
cxd4 9. exd4 Bb4 10. O-O O-O 11. Bxc6 bxc6 12. Ne2 a5 13. a3 Be7 14. b3 c5 15.
c3 Ba6 16. Re1 Bxe2 17. Rxe2 Rab8 18. Rb2 cxd4 19. cxd4 Rfc8 20. h3 Bd6 21. Kh2
Bxe5 22. dxe5 Ne4 23. b4 axb4 24. axb4 Qc6 25. Bd2 Qb6 26. Qe2 Qd4 27. Be3 Qc4
28. Rc1 Qxe2 29. Rxe2 Rxc1 30. Bxc1 Rxb4 0-1

[Event "XIV Open"]
[Site "Crema ITA"]
[Date "2012.08.31"]
[Round "2"]
[White "Cervini, Ernesto"]
[Black "Scotti, Luigi"]
[Result "1-0"]
[WhiteElo "1733"]
[BlackElo "1491"]
[PlyCount "77"]
[EventDate "2012.08.31"]

1. e4 d6 2. d4 Nf6 3. Bd3 e5 4. c3 c6 5. f3 Be7 6. Be3 Be6 7. Ne2 Qb6 8. Qc2 c5
9. dxc5 dxc5 10. Nd2 Nbd7 11. O-O O-O 12. Ng3 Rfc8 13. Rad1 Qc7 14. c4 a5 15.
a3 a4 16. Nb1 Nb8 17. Nc3 Qa5 18. Nd5 Nc6 19. Kh1 Bd8 20. Ne2 Nd4 21. Bxd4 cxd4
22. Qb1 Nd7 23. f4 f6 24. f5 Bf7 25. Rf3 Nc5 26. Rg3 Bh5 27. Qc1 Nb3 28. Qh6 g6
29. Qxh5 Rc7 30. Nxc7 Qxc7 31. fxg6 hxg6 32. Rxg6+ Kf7 33. Qh7+ Ke6 34. Qxc7
Bxc7 35. Rg7 Rc8 36. h4 Nc5 37. Ng3 Nd7 38. Nf5 Rh8 39. Re7# 1-0

[Event "XIV Open"]
[Site "Crema ITA"]
[Date "2012.08.31"]
[Round "2"]
[White "Coppola, Federico"]
[Black "De Palma, Fabrizio"]
[Result "1-0"]
[WhiteElo "1893"]
[BlackElo "2108"]
[PlyCount "95"]
[EventDate "2012.08.31"]

1. e4 c5 2. Nf3 d6 3. d4 cxd4 4. Nxd4 Nf6 5. Nc3 a6 6. Bg5 e6 7. f4 Nc6 8. Nxc6
bxc6 9. Qf3 Qb6 10. O-O-O Rb8 11. b3 d5 12. Bxf6 Ba3+ 13. Kb1 gxf6 14. exd5
cxd5 15. f5 O-O 16. Rd3 Kh8 17. Qh5 Qf2 18. Rh3 Qxf5 19. Qxf5 exf5 20. Nxd5 Rd8
21. Bc4 Rd6 22. Rd1 Be6 23. Rhd3 Bxd5 24. Rxd5 Rxd5 25. Bxd5 Kg7 26. c3 a5 27.
Kc2 Re8 28. Bf3 Re5 29. h3 Kg6 30. Rd4 Bc5 31. Ra4 Bb6 32. b4 Kg5 33. bxa5 Bxa5
34. Kd3 f4 35. c4 Bb6 36. Kc3 Bc5 37. Ra8 Kh4 38. Rd8 Bb6 39. Rd5 Kg3 40. Kb4
Re3 41. c5 Bc7 42. Rd7 Be5 43. c6 Rc3 44. a4 h5 45. Rxf7 Rxf3 46. gxf3 Kxf3 47.
c7 Bxc7 48. Rxc7 1-0

[Event "XIV Open"]
[Site "Crema ITA"]
[Date "2012.08.31"]
[Round "2"]
[White "De Paoli, Emilio"]
[Black "Fongarolli, Diego"]
[Result "0-1"]
[WhiteElo "1851"]
[BlackElo "2068"]
[PlyCount "84"]
[EventDate "2012.08.31"]

1. c4 e5 2. Nf3 Nc6 3. d3 Nf6 4. Nc3 Bb4 5. a3 Bxc3+ 6. bxc3 d5 7. cxd5 Nxd5 8.
c4 Nb6 9. a4 O-O 10. Bg5 f6 11. a5 fxg5 12. axb6 cxb6 13. g3 Qf6 14. h3 h5 15.
Rh2 Nd4 16. Nd2 e4 17. Nxe4 Nc2+ 18. Kd2 Qxa1 19. Kxc2 Qa2+ 20. Kc1 Rf5 21. Qc2
Qa1+ 22. Qb1 Qa5 23. Kc2 Bd7 24. Nc3 b5 25. e4 Rf7 26. Qa2 Qb6 27. Be2 bxc4 28.
dxc4 Be6 29. c5 Qc6 30. Bc4 Bxc4 31. Qxc4 Rc8 32. f3 Qxc5 33. Qb3 Kf8 34. Kb2
Rxf3 35. Rc2 Rxc3 36. Rxc3 Qxc3+ 37. Qxc3 Rxc3 38. Kxc3 Ke7 39. g4 hxg4 40.
hxg4 Ke6 41. Kd4 a5 42. Kc4 Ke5 0-1

[Event "XIV Open"]
[Site "Crema ITA"]
[Date "2012.08.31"]
[Round "2"]
[White "Fiammetti, Gianluca"]
[Black "Carbone, Lorenzo"]
[Result "0-1"]
[WhiteElo "1464"]
[BlackElo "1728"]
[PlyCount "64"]
[EventDate "2012.08.31"]

1. c4 e6 2. Nf3 Nf6 3. g3 c5 4. Bg2 Nc6 5. Nc3 Be7 6. O-O O-O 7. d3 d5 8. cxd5
exd5 9. Bg5 h6 10. Bxf6 Bxf6 11. Rb1 Be6 12. a3 Rb8 13. Qe1 b5 14. Nd2 b4 15.
axb4 Nxb4 16. Nf3 Re8 17. h4 Bg4 18. Nd1 Nxd3 19. Qd2 Nb4 20. Ne3 Be6 21. Rfd1
d4 22. Nc2 Nxc2 23. Qxc2 Bb3 24. Qd2 Bxd1 25. Qxd1 Re6 26. g4 Bxh4 27. Nxh4
Qxh4 28. f3 Qg5 29. Qa4 Rxe2 30. Qxa7 Rbe8 31. Qa5 Qe3+ 32. Kh2 Qf2 0-1

[Event "XIV Open"]
[Site "Crema ITA"]
[Date "2012.08.31"]
[Round "2"]
[White "Ferrari, Paolo"]
[Black "Galli, Fabrizio"]
[Result "1/2-1/2"]
[WhiteElo "1713"]
[BlackElo "1463"]
[PlyCount "102"]
[EventDate "2012.08.31"]

1. d4 d5 2. c4 c6 3. Nc3 Nf6 4. Nf3 Bg4 5. Ne5 Bf5 6. e3 Nbd7 7. Nxd7 Bxd7 8.
Bd3 Bg4 9. Qb3 Qc7 10. O-O e6 11. cxd5 exd5 12. Bd2 Bd6 13. h3 Be6 14. Rac1 a6
15. Qc2 Qd7 16. f4 g6 17. f5 gxf5 18. Bxf5 Bxf5 19. Qxf5 Qxf5 20. Rxf5 Be7 21.
Rcf1 Nd7 22. Rxf7 Nb6 23. b3 h5 24. Rg7 Kd7 25. Rff7 Rae8 26. Be1 Kd8 27. Nd1
Nc8 28. Bh4 Rhf8 29. Bxe7+ Nxe7 30. Rxf8 Rxf8 31. g4 hxg4 32. hxg4 b5 33. Kg2
Ke8 34. Nf2 Rh8 35. Nd3 Kf8 36. Rg5 Kf7 37. Nf4 Rh6 38. Kf3 a5 39. e4 dxe4+ 40.
Kxe4 Rh2 41. a4 Rb2 42. axb5 Rxb3 43. bxc6 Nxc6 44. Rc5 Rb6 45. d5 Rb4+ 46. Kf5
Nd4+ 47. Ke5 Nf3+ 48. Kf5 Nd4+ 49. Kg5 Nf3+ 50. Kf5 Nd4+ 51. Ke5 Nf3+ 1/2-1/2

[Event "XIV Open"]
[Site "Crema ITA"]
[Date "2012.08.31"]
[Round "2"]
[White "Frugoni, Giulio"]
[Black "Tahiraj, Almir"]
[Result "0-1"]
[WhiteElo "1638"]
[BlackElo "1820"]
[PlyCount "60"]
[EventDate "2012.08.31"]

1. Nf3 d5 2. d4 Nf6 3. c4 c6 4. Nc3 e6 5. Bg5 Be7 6. Qc2 O-O 7. e3 Nbd7 8. Bd3
dxc4 9. Bxc4 b5 10. Bd3 Bb7 11. Ne5 h6 12. Nxd7 Qxd7 13. h4 a6 14. Ne4 Nd5 15.
Nc5 Bxc5 16. Qxc5 hxg5 17. hxg5 g6 18. f4 Qe7 19. Qc1 Kg7 20. Ke2 Rh8 21. Rh6
Rxh6 22. gxh6+ Kxh6 23. Qh1+ Kg7 24. g3 Rh8 25. Qg2 c5 26. Be4 cxd4 27. exd4
Qb4 28. Rc1 Qxb2+ 29. Rc2 Qxd4 30. Bxd5 Bxd5 0-1

[Event "XIV Open"]
[Site "Crema ITA"]
[Date "2012.08.31"]
[Round "2"]
[White "Gabetto, Flaviano"]
[Black "Colombo, Luca"]
[Result "1-0"]
[WhiteElo "2108"]
[BlackElo "1898"]
[PlyCount "81"]
[EventDate "2012.08.31"]

1. e4 c5 2. Nc3 Nc6 3. g3 g6 4. Bg2 Bg7 5. d3 d6 6. Nge2 Rb8 7. Bg5 Nd4 8. O-O
b5 9. Qd2 Nxe2+ 10. Qxe2 Nf6 11. e5 Ng8 12. exd6 Qxd6 13. Bf4 e5 14. Rfe1 f6
15. Ne4 Qc7 16. Be3 Bf8 17. f4 f5 18. Nc3 Be6 19. fxe5 Ne7 20. a4 b4 21. Nb5
Qxe5 22. Bf4 Qxe2 23. Rxe2 Rb6 24. Bd6 Rxd6 25. Nxd6+ Kd7 26. Nb7 Nc8 27. Rae1
Bf7 28. c3 bxc3 29. bxc3 Nb6 30. a5 Nd5 31. c4 Nb4 32. Rd2 Kc7 33. Kf1 h5 34.
d4 cxd4 35. Rb1 d3 36. c5 Nd5 37. Rxd3 Nf6 38. Nd6 Bxd6 39. cxd6+ Kd7 40. Rb7+
Ke6 41. Re7# 1-0

[Event "XIV Open"]
[Site "Crema ITA"]
[Date "2012.08.31"]
[Round "2"]
[White "Gemelli, Giovanni"]
[Black "Folcini, Gaddo"]
[Result "1-0"]
[WhiteElo "1807"]
[BlackElo "1606"]
[PlyCount "71"]
[EventDate "2012.08.31"]

1. e4 e5 2. Nf3 d5 3. exd5 e4 4. Nd4 Qxd5 5. Nb3 Nf6 6. Nc3 Qf5 7. Bc4 Qg6 8.
Rg1 Bd6 9. g3 O-O 10. d4 Bg4 11. Be2 Nc6 12. Be3 Bb4 13. Bxg4 Nxg4 14. h4 Nh2
15. Nd2 Nxd4 16. Bxd4 Rad8 17. Be3 Nf3+ 18. Kf1 Nxg1 19. Kxg1 f5 20. Kh2 Bd6
21. Ne2 Qh5 22. Nf4 Qf7 23. Qe2 Bxf4 24. Bxf4 Kh8 25. Nc4 c6 26. Ne5 Qe6 27.
Qc4 Qxc4 28. Nxc4 Rd4 29. Nd6 e3 30. fxe3 Rd2+ 31. Kh3 Rxc2 32. Rd1 Rxb2 33.
Nxf5 Rxa2 34. Be5 Rg8 35. Rd7 Ra5 36. Nh6 1-0

[Event "XIV Open"]
[Site "Crema ITA"]
[Date "2012.08.31"]
[Round "2"]
[White "Giretti Kanev, Jasen"]
[Black "Pinna, Ferdinando"]
[Result "1-0"]
[WhiteElo "2189"]
[BlackElo "1929"]
[PlyCount "43"]
[EventDate "2012.08.31"]

1. c4 c5 2. Nf3 Nf6 3. g3 g6 4. Bg2 Bg7 5. O-O O-O 6. d3 Nc6 7. Nc3 d6 8. Rb1
e5 9. a3 Be6 10. b4 Qd7 11. Ng5 cxb4 12. Nxe6 Qxe6 13. axb4 Qd7 14. Qa4 b6 15.
e3 Rfd8 16. b5 Ne7 17. e4 Qe6 18. Ne2 Nd7 19. Be3 Nc5 20. Qc2 Qd7 21. f4 Rf8
22. fxe5 1-0

[Event "XIV Open"]
[Site "Crema ITA"]
[Date "2012.08.31"]
[Round "2"]
[White "Gonella, Graziano"]
[Black "Conta, Diego"]
[Result "0-1"]
[WhiteElo "1211"]
[BlackElo "1656"]
[PlyCount "108"]
[EventDate "2012.08.31"]

1. e4 c5 2. Bc4 e6 3. Nf3 Nc6 4. d4 cxd4 5. Nxd4 Be7 6. O-O d6 7. Bb5 Bd7 8.
Nc3 Nf6 9. Re1 O-O 10. Nxc6 bxc6 11. Be2 e5 12. Bg5 Rb8 13. b3 h6 14. Be3 Qc7
15. Bd2 Be6 16. Bf3 Rfd8 17. Re3 d5 18. exd5 cxd5 19. Re1 e4 20. Be2 Rdc8 21.
Nb5 Qxc2 22. Nxa7 Qxd1 23. Rexd1 Rc2 24. Nb5 e3 25. Nd4 Rxd2 26. Rxd2 exd2 27.
Rd1 Ne4 28. Nc6 Rb7 29. f3 Bc5+ 30. Kf1 Nc3 31. Rxd2 Nxe2 32. Rxe2 Bb6 33. Rc2
Rc7 34. b4 Kf8 35. b5 Ke8 36. g4 Bd7 37. Re2+ Kf8 38. a4 Bxc6 39. bxc6 Rxc6 40.
Rb2 Ke7 41. Ke2 Re6+ 42. Kf1 d4 43. Rd2 Kd6 44. a5 Ba7 45. Kg2 Re5 46. f4 Rxa5
47. Kg3 Ra3+ 48. Kh4 d3 49. g5 hxg5+ 50. Kxg5 Be3 51. Rg2 d2 52. Rxd2+ Bxd2 53.
h4 Ra4 54. Kg4 Rxf4+ 0-1

[Event "XIV Open"]
[Site "Crema ITA"]
[Date "2012.08.31"]
[Round "2"]
[White "Guidi, Maurizio"]
[Black "Casartelli, Fabio"]
[Result "1-0"]
[WhiteElo "2058"]
[BlackElo "1860"]
[PlyCount "90"]
[EventDate "2012.08.31"]

1. Nf3 b6 2. g3 Bb7 3. Bg2 Nf6 4. O-O e6 5. c4 Be7 6. Nc3 O-O 7. d4 d5 8. cxd5
Nxd5 9. Re1 Nd7 10. e4 Nxc3 11. bxc3 c5 12. d5 exd5 13. exd5 Bf6 14. Qd3 c4 15.
Qd2 Re8 16. Rxe8+ Qxe8 17. Ba3 Ne5 18. Re1 Nxf3+ 19. Bxf3 Qd7 20. Bg2 Rd8 21.
Rd1 Qa4 22. Bb2 a5 23. a3 b5 24. Qe2 b4 25. cxb4 Bxb2 26. Qxb2 axb4 27. Qxb4
Qxb4 28. axb4 Kf8 29. Rd4 Bxd5 30. Bxd5 Rxd5 31. Rxc4 Ke7 32. Rc7+ Ke6 33. Rb7
Rd7 34. Rb8 Kd6 35. Kg2 Kc7 36. Rf8 Kb6 37. h4 Rb7 38. Rg8 f6 39. Rh8 h6 40.
Rd8 Kc6 41. Rd4 Rd7 42. Rxd7 Kxd7 43. Kf3 g6 44. h5 g5 45. Ke4 Ke6 1-0